Perspectives on Sino-Japanese diplomatic relations :
In East Asia, the growth center of the post-Cold War world, two regional powerhouses survey one another from opposite sides of the Japan Sea. China, a rising power with tremendous economic clout and an increasingly assertive foreign and military policy, and Japan, a respected leader in the region an...
में बचाया:
| स्वरूप: | पुस्तक |
|---|---|
| भाषा: | Undetermined |
| प्रकाशित: |
Tokyo
Japan Publishing Industry Foundation for Culture
2017
|
| विषय: | |
| टैग : |
टैग जोड़ें
कोई टैग नहीं, इस रिकॉर्ड को टैग करने वाले पहले व्यक्ति बनें!
|
| Thư viện lưu trữ: | Trung tâm Học liệu Trường Đại học Cần Thơ |
|---|
| LEADER | 01058nam a2200181Ia 4500 | ||
|---|---|---|---|
| 001 | CTU_236062 | ||
| 008 | 210402s9999 xx 000 0 und d | ||
| 082 | |a 327.1 | ||
| 082 | |b P467 | ||
| 245 | 0 | |a Perspectives on Sino-Japanese diplomatic relations : | |
| 245 | 4 | |c The Yomiuri Shimbun Political News Department ; translated by John Rossman | |
| 260 | |a Tokyo | ||
| 260 | |b Japan Publishing Industry Foundation for Culture | ||
| 260 | |c 2017 | ||
| 520 | |a In East Asia, the growth center of the post-Cold War world, two regional powerhouses survey one another from opposite sides of the Japan Sea. China, a rising power with tremendous economic clout and an increasingly assertive foreign and military policy, and Japan, a respected leader in the region and a mature nation enjoying its greatest political stability in many years, must coexist for the peace and prosperity of East Asia and the Asia-Pacific. | ||
| 650 | |a Quan hệ quốc tế,International relations | ||
| 910 | |a Tuyến | ||
| 980 | |a Trung tâm Học liệu Trường Đại học Cần Thơ | ||